00781nam a2200253 a 4500001001300000003000900013005001700022008004100039020001000080082001600090100000700106245006000113260005200173300000900225500003500234505001000269650001800279700000700297902000800304942000700312952009600319952009700415999001500512nice12345678IN_TiNIC20260116012213.0050524s1895 lona grp 000 0 per  ac10000a220.59155b a,  aKitab-E-Muqaddas, Yani Kutub Ahd-E-Ateeq-O-Ahd-E-Jadeed aLondonbBritish and Foreign Bible Societyc1895 a421p aincludes index and biblioraphy2 aIndex aBible-Persian1 a,  bRHR cBK 00104070aHMIbHMId0000-00-00g100.00l0o220.59155 p7975r0000-00-00w2026-01-16yARB 00104070aHMIbHMId0000-00-00g100.00l0o220.59155 p16262r0000-00-00w2026-01-16yARB c6062d6062